Central Library OPAC University of Rajshahi

American studies in the context of democracy, economy, and environment : (Record no. 59029)

MARC details
000 -LEADER
fixed length control field 01465nam a2200337 a 4500
001 - CONTROL NUMBER
control field 59029
003 - CONTROL NUMBER IDENTIFIER
rucl marc code BD-RjUL
005 - DATE AND TIME OF LATEST TRANSACTION
control field 20211209080703.0
008 - FIXED-LENGTH DATA ELEMENTS--GENERAL INFORMATION
fixed length control field 161220s1993 bg b 100 0 eng
035 ## - SYSTEM CONTROL NUMBER
System control number (BD-RjUL)59153
040 ## - CATALOGING SOURCE
Original cataloging agency DLC
Transcribing agency DLC
Modifying agency DLC
Language of cataloging eng
041 ## - LANGUAGE CODE
Language code of text/sound track or separate title eng
082 00 - DEWEY DECIMAL CLASSIFICATION NUMBER
Classification number 973.92
Edition number 23
Author mark and year NAA
111 2# - MAIN ENTRY--MEETING NAME
Meeting name or jurisdiction name as entry element National Conference of Bangladesh Society for American Studies
Date of meeting (1993 :
Location of meeting Rajshahi University)
9 (RLIN) 175562
245 10 - TITLE STATEMENT
Title American studies in the context of democracy, economy, and environment :
Remainder of title proceedings of second Bi-ennial National Conference /
Statement of responsibility, etc. edited by Ameeruz Zaman Khan.
260 ## - PUBLICATION, DISTRIBUTION, ETC. (IMPRINT)
Place of publication, distribution, etc. Bangladesh :
Name of publisher, distributor, etc. Bangladesh Society for American Studies,
Date of publication, distribution, etc. 1993.
300 ## - PHYSICAL DESCRIPTION
Pagination xx, 45 p. ;
Size 24 cm.
504 ## - BIBLIOGRAPHY, ETC. NOTE
Bibliography, etc Includes bibliographical references.
650 #0 - SUBJECT ADDED ENTRY--TOPICAL TERM
Topical term or geographic name as entry element Cold War
General subdivision Congresses.
9 (RLIN) 175563
Topical term or geographic name as entry element Privatization
Geographic subdivision United States
General subdivision Congresses.
9 (RLIN) 175564
Topical term or geographic name as entry element Privatization
Geographic subdivision Bangladesh
General subdivision Congresses.
9 (RLIN) 175565
Topical term or geographic name as entry element Individualism
Geographic subdivision United States
General subdivision Congresses.
9 (RLIN) 175566
651 #0 - SUBJECT ADDED ENTRY--GEOGRAPHIC NAME
Geographic name United States
General subdivision Civilization
Chronological subdivision 1970-
General subdivision Congresses.
9 (RLIN) 175567
Geographic name United States
General subdivision Foreign relations
Chronological subdivision 1989-
General subdivision Congresses.
9 (RLIN) 175568
Geographic name United States
General subdivision Environmental conditions
-- Congresses.
9 (RLIN) 175569
Geographic name Bangladesh
General subdivision Environmental conditions
-- Congresses.
9 (RLIN) 175570
700 1# - ADDED ENTRY--PERSONAL NAME
Personal name Khan, Ameeruz Zaman.
710 2# - ADDED ENTRY--CORPORATE NAME
Corporate name or jurisdiction name as entry element Bangladesh Society for American Studies.
9 (RLIN) 175572
942 ## - ADDED ENTRY ELEMENTS (KOHA)
Source of classification or shelving scheme Dewey Decimal Classification
Koha item type Books
Holdings
Lost status Source of classification or shelving scheme Damaged status Not for loan Collection code Permanent Location Current Location Shelving location Date acquired Source of acquisition Total Checkouts Full call number Date last seen Copy number Koha item type
  Dewey Decimal Classification   Not For Loan Non-fiction Central Library, University of Rajshahi Central Library, University of Rajshahi Reading Room 16/04/2009 Azharuddin   973.92 NAA 1993 20/12/2016 C-1 Books